Cataluña en Madrid: el Círculo Catalán, 1952-1983 / (Record no. 66517)

MARC details
000 -LEADER
campo de control de longitud fija 00817nam a2200241 i 4500
001 - NÚMERO DE CONTROL
campo de control 66517
003 - IDENTIFICADOR DE NÚMERO DE CONTROL
campo de control ES-MaACL
005 - FECHA Y HORA DE LA ÚLTIMA TRANSACCIÓN
campo de control 20231005063110.0
007 - CAMPO FIJO DE DESCRIPCIÓN FÍSICA--INFORMACIÓN GENERAL
campo de control de longitud fija t|
008 - DATOS DE LONGITUD FIJA--INFORMACIÓN GENERAL
campo de control de longitud fija 970428s1984 sp a ||||0| spa d
020 ## - NÚMERO INTERNACIONAL ESTÁNDAR DEL LIBRO
Número Internacional Estándar del Libro 84-398-1936-6
040 ## - FUENTE DE CATALOGACIÓN
Centro catalogador/agencia de origen M-BN
Lengua de catalogación spa
Centro/agencia transcriptor M-BN
080 ## - NÚMERO DE LA CLASIFICACIÓN DECIMAL UNIVERSAL
Número de la Clasificación Decimal Universal 061.236.3(464.1M.) Círculo Catalán(091)
100 1# - ENTRADA PRINCIPAL--NOMBRE DE PERSONA
Nombre de persona Buqueras y Bach, Ignacio,
Fechas asociadas al nombre 1942-
9 (RLIN) 137449
245 10 - MENCIÓN DEL TÍTULO
Título Cataluña en Madrid: el Círculo Catalán, 1952-1983 /
Mención de responsabilidad, etc. Ignacio Buqueras y Bach.
250 ## - MENCION DE EDICION
Mención de edición 1ª ed.
260 ## - PUBLICACIÓN, DISTRIBUCIÓN, ETC.
Lugar de publicación, distribución, etc. [S.l. :
Nombre del editor, distribuidor, etc. s.n.],
Fecha de publicación, distribución, etc. 1984 (
Lugar de fabricación/manufactura Madrid :
Fabricante Mariarsa)
300 ## - DESCRIPCIÓN FÍSICA
Extensión 260 p. :
Otras características físicas il. ;
Dimensiones 24 cm.
500 ## - NOTA GENERAL
Nota general Celebración del XXX aniversario del Círculo Catalán de Madrid.
610 27 - PUNTO DE ACCESO ADICIONAL DE MATERIA--NOMBRE DE ENTIDAD CORPORATIVA
Nombre de entidad corporativa o nombre de jurisdicción como elemento de entrada Círculo Catalán de Madrid.
9 (RLIN) 2811
852 ## - LOCALIZACIÓN
Ubicación ES-MaACL
Número de control de estantería L-27005
Sublocalización o colección R.132675
Holdings
Estatus retirado Estado de pérdida Estado de daño No para préstamo Biblioteca de origen Biblioteca actual Ubicación en estantería Fecha de adquisición Fuente de adquisición Total de préstamos Signatura topográfica completa Código de barras Visto por última vez Precio de reemplazo Tipo de ítem Koha
        Biblioteca del Ateneo de Madrid Biblioteca del Ateneo de Madrid Depósito 2 17/01/2008     L-27005 1069679 23/02/2023 23/02/2023 Libro impreso